80s Artist by Song #3 - Statistics

General Stats
  • This quiz has been taken 261 times
  • The average score is 11 of 20
Answer Stats
Hint Answer % Correct
Physical Olivia Newton-John
83%
Love Shack The B-52's
78%
Hit Me With Your Best Shot Pat Benatar
69%
Rock Me Amadeus Falco
68%
I Think We're Alone Now Tiffany
65%
Glory Days Bruce Springsteen
64%
All Night Long Lionel Richie
64%
Addicted to Love Robert Palmer
61%
My Prerogative Bobby Brown
54%
All Out Of Love Air Supply
50%
867-5309/Jenny Tommy Tutone
50%
Sunglasses at Night Corey Hart
47%
Take Me Home Tonight Eddie Money
46%
Glory of Love Peter Cetera
45%
I Wanna Rock Twisted Sister
45%
Maniac Michael Sembello
40%
Dance Hall Days Wang Chung
39%
Your Love The Outfield
37%
Word Up! Cameo
36%
Let the Music Play Shannon
22%
No matching quizzes found
Score Distribution
Percent of People with Each Score
Percentile by Number Answered
Your Score History
You have not taken this quiz